| 000 | 00589nam a22001697a 4500 | ||
|---|---|---|---|
| 003 | NUST | ||
| 038 | _aNusrat Nadeem | ||
| 082 | _a200 | ||
| 100 |
_aMAHNOOR, ALIYA _9125949 |
||
| 245 |
_aEVALUATING THE IMPACT OF DIGITAL LEARNING TOOLS ON THE COGNITIVE AND SOCIAL DEVELOPMENT IN PRIMARY EDUCATION / _cALIYA MAHNOOR, |
||
| 264 |
_aIslamabad; _bS3H NUST; _c2024. |
||
| 300 |
_a94,p; _bill; _c30,cm. |
||
| 650 |
_aMS-Government and Public Policy _9125323 |
||
| 700 |
_aSupervisor: Dr. Ume Laila _9120249 |
||
| 856 | _u http://10.250.8.41:8080/xmlui/handle/123456789/46537 | ||
| 942 |
_2ddc _cSC |
||
| 999 |
_c611620 _d611620 |
||